| 000 | 01001cam a2200193 4500 | ||
|---|---|---|---|
| 001 | ##L1312157 | ||
| 008 | 051216n2005 000 0 eng u | ||
| 035 | _a(Sirsi) u132157 | ||
| 041 | 0 | _aeng | |
| 050 | _a338.4369094 $2 18 | ||
| 110 | 2 |
_aEuroconstruct _bConference _n(59th : _d2005 _cCardiff) _94858 |
|
| 245 | 0 | 0 |
_a59th Euroconstruct Conference _bCardiff 2005 |
| 260 |
_aLondon _bExperian _c2005 |
||
| 300 |
_a2 _fv. _c30cm. |
||
| 505 | 2 | _aCountry reports: Austria; Belgium; Czech Republic; Denmark; Finland; France; Hungary; Ireland; Italy; Netherlands; Norway; Poland; Portugal; Slovak Republic; Spain; Sweden; Switzerland; United Kingdom | |
| 505 | 2 | _aSummary report: prospects for European construction market - 2005-2007; overview of the European economic forecasts; the European housing market; the European non-residential building market; the European civil engineering market; summary of the European construction markets | |
| 690 | _aBUILT ENVIRONMENT-CONSTRUCTION MARKET | ||
| 942 | _n0 | ||
| 999 |
_c105041 _d105041 |
||